000
00223 a2200097 4500
001
48673
100
_a
245
_a
Dictionary of aeronautical terms
260
_a
Washington
_b
D C D of Institute
_c
090
_c
31587
_d
31587
942
_a
NUST-CAE
_c
M
_c
23988
999
_c
283746
_d
283746